书目信息 |
| 题名: |
中国婚嫁
|
|
| 作者: | 完颜绍元 著 | |
| 分册: | ||
| 出版信息: | 上海 上海古籍出版社 2010.08 |
|
| 页数: | 124页 | |
| 开本: | 18cm | |
| 丛书名: | 发现中国 | |
| 单 册: | ||
| 中图分类: | K892.22 | |
| 科图分类: | ||
| 主题词: | 婚姻--风俗习惯--中国 , 婚姻 , 风俗习惯 | |
| 电子资源: | ||
| ISBN: | 978-7-5325-5634-2 | |
| 000 | 00956oam2 2200277 450 | |
| 001 | 012004491167 | |
| 005 | 20120626100842.20 | |
| 010 | @a978-7-5325-5634-2@dCNY18.00 | |
| 100 | @a20100910d2010 em y0chiy0110 ea | |
| 101 | 0 | @achi |
| 102 | @aCN@b310000 | |
| 105 | @aa z 000yy | |
| 106 | @ar | |
| 200 | 1 | @a中国婚嫁@9zhong guo hun jia@f完颜绍元著 |
| 210 | @a上海@c上海古籍出版社@d2010.08 | |
| 215 | @a124页@c图@d18cm | |
| 225 | 2 | @a发现中国 |
| 330 | @a本书以中国婚俗为题,在概略性地探讨中国的婚姻制度、婚姻类型及婚姻方式之源起、发展和沿革的历史过程后,即以在中华民族传统婚型中最具代表性的聘娶婚作为基本载体,在多层次多侧面的展开中,为以汉族为主体的中华各民族的传统婚俗描绘一幅相对完整的图画。 | |
| 461 | 0 | @12001 @a发现中国 |
| 606 | 0 | @a婚姻@x风俗习惯@y中国 |
| 606 | 0 | @a婚姻 |
| 606 | 0 | @a风俗习惯 |
| 690 | @aK892.22@v4 | |
| 701 | 0 | @a完颜绍元@9wan yan shao yuan@4著 |
| 801 | 0 | @aCN@bNLC@c20100910 |
| 905 | @b541267-71@dK892.22@e177@f5 | |
| 中国婚嫁/完颜绍元著.-上海:上海古籍出版社,2010.08 |
| 124页:图;18cm.-(发现中国) |
| ISBN 978-7-5325-5634-2:CNY18.00 |
| 本书以中国婚俗为题,在概略性地探讨中国的婚姻制度、婚姻类型及婚姻方式之源起、发展和沿革的历史过程后,即以在中华民族传统婚型中最具代表性的聘娶婚作为基本载体,在多层次多侧面的展开中,为以汉族为主体的中华各民族的传统婚俗描绘一幅相对完整的图画。 |
| ● |
| 相关链接 |
|
|
|
|
正题名:中国婚嫁
索取号:K892.22/177
 
预约/预借
| 序号 | 登录号 | 条形码 | 馆藏地/架位号 | 状态 | 备注 |
| 1 | 541267 | 205412677 | 第二样本阅览室/ [索取号:K892.22/177] | 在馆 | |
| 2 | 541268 | 205412686 | 第二借阅区/ [索取号:K892.22/177] | 在馆 | |
| 3 | 541269 | 205412695 | 第二借阅区/ [索取号:K892.22/177] | 在馆 | |
| 4 | 541270 | 205412702 | 第二借阅区/ [索取号:K892.22/177] | 在馆 | |
| 5 | 541271 | 205412711 | 密集书库-史法系/ [索取号:K892.22/177] | 在馆 |